|
|
|
|
| LEADER |
00000cac a2200000 a 4500 |
| 001 |
106795 |
| 003 |
Ucuenca |
| 005 |
20230308213654.0 |
| 008 |
008121|2003 ck |||||r|||||||||||spa|| |
| 020 |
|
|
|a 9589401066
|
| 040 |
|
|
|b spa
|
| 041 |
0 |
|
|a spa
|
| 082 |
0 |
|
|a 155.4
|
| 100 |
1 |
|
|a Muñoz Muñoz, Luis Armando
|9 206890
|
| 245 |
|
|
|a Educación psicomotriz: texto pedagógico
|c Luis Armando Muñoz Muñoz
|h imp
|
| 250 |
|
|
|a 4a ed.
|
| 264 |
|
|
|a Armenia
|b Editorial Kinesis
|c 2003
|
| 300 |
|
|
|a 278 páginas:
|b ilu
|c 21 cm
|
| 490 |
|
|
|a Psicología del deporte
|
| 500 |
|
|
|a PDF, contiene tabla de contenido e introducción
|
| 504 |
|
|
|a incl. ref.
|
| 650 |
|
|
|a Psicomotricidad
|9 26540
|
| 650 |
|
|
|a Educacion psicomotriz
|9 31255
|
| 650 |
|
|
|a Sistema nervioso
|9 4588
|
| 653 |
|
|
|a PSICOLOGIA
|
| 852 |
|
|
|a UC-CDJBV
|f Compra
|l 1
|m General
|p 20081210
|q 22,00
|r 2
|t 106795
|y 76326
|b 0
|d CDRC
|e CDRC
|g 155.4 PRIMER PISO
|u http://nas.ucuenca.edu.ec/BibliotecaDigital/ebooks/librosyrev/106795.pdf
|z 2008-81-21
|
| 856 |
|
|
|u http://nas.ucuenca.edu.ec/BibliotecaDigital/ebooks/librosyrev/106795.pdf
|
| 942 |
|
|
|c CR
|0 3
|
| 999 |
|
|
|c 126400
|d 126400
|